| 000 | 00863nam a22002657a 4500 | ||
|---|---|---|---|
| 003 | DO-SdBNP | ||
| 005 | 20220620114935.0 | ||
| 008 | 171124b 2012 sp a |||| 00| 0 spa d | ||
| 020 | _a9788415142164 | ||
| 040 |
_aBPMSU _bspa _cBPMSU |
||
| 082 |
_a612 _bF537a 2012 _222 |
||
| 245 | 0 | 0 |
_aFisiología aplicada a la anestesiología / _ceditores Enrique Carrero, Jorge Castillo, Antonio Villalonga |
| 260 |
_aEspaña : _bOcéano / Ergon, _c2012. |
||
| 300 |
_av. : _bil., + CD-ROM ; _c29 cm. |
||
| 590 | _6Inventariado, 2022/VM | ||
| 650 | 4 | _aFisiología humana | |
| 650 | 4 |
_aAnestesiología _xEnseñanza. _v |
|
| 650 | 4 | _a | |
| 700 | 1 |
_aCarrero Cardenal, Enrique, _eeditor |
|
| 700 | 1 |
_aCastillo Monsegur, Jorge, _eeditor |
|
| 700 | 1 |
_aVillalonga Morales, Antonio, _eeditor |
|
| 710 | 2 | _aOcéano/Ergon | |
| 910 | _aBTavarez /VMateo V. | ||
| 942 |
_2ddc _cBK |
||
| 999 |
_c13079 _d13079 |
||